00506nam a2200157Ia 4500999001700000003000400017005001700021008004100038040000900079082001900088100003400107245009300141260006200234300000800296942004400304 c20045d20045OSt20200609115246.0190216s9999||||xx |||||||||||||| ||und|| coclc a327.174bROB/N aRobles, Alfonso Garcia 92668 0aNuclear Disarmament A Crucial Issue For The Survival Of Mankind /cAlfonso Garcia Robles bIndian Council For Cultural Relations,c1984.aNew Delhi: a32p cBK2ddch327.174iROB/Nk327.174mROB/N